Street law : A course in practical law: with New York supplement

Spremljeno u:
Bibliografski detalji
Glavni autor: Arbetman, Lee P.
Format: Knjiga
Jezik:Undetermined
Izdano: Minneapolis/St. Paul West Pub. Co., 1994
Teme:
Oznake: Dodaj oznaku
Bez oznaka, Budi prvi tko označuje ovaj zapis!
Thư viện lưu trữ: Trung tâm Học liệu Trường Đại học Cần Thơ
LEADER 00666nam a2200217Ia 4500
001 CTU_109859
008 210402s9999 xx 000 0 und d
082 |a 349.73 
082 |b A664 
100 |a Arbetman, Lee P. 
245 0 |a Street law : 
245 2 |b A course in practical law: with New York supplement 
245 0 |c Lee P. Arbetman, Edward T. McMahon, Edward L. O’Brien 
260 |a Minneapolis/St. Paul 
260 |b West Pub. Co., 
260 |c 1994 
650 |a Law,Law 
650 |x Popular works,Popular works 
650 |z New york (state),United states 
904 |i Năm, Q. Hieu 
980 |a Trung tâm Học liệu Trường Đại học Cần Thơ